000 00870nas a2200253 4500
001 BR8600800
003 BR-BrBNA
005 20231205090345.0
007 ta
008 230509b bl.|||p| |||| 00| 00por d
040 _aBR-BrBNA
_bpor
_cBiblioteca Nacional de Agricultura
041 _a(Pt)
072 _aH50
100 1 _aDonald, E.L. de F.
100 1 _aSarruge, J.R.
100 1 _aSfredo, G.J.
245 1 _aDeficiencias minerais em plantas de bertalha (Basella alba, L.)
_bParte de tese
246 1 _aMineral deficiencies in Basella alba, L. cultivated in nutrient solutions
_bPart of thesis
650 _aBERTALHA
650 _aDEFICIENCIA MINERAL
773 0 _tAnais da Escola Superior de Agricultura Luiz de Queiroz (Brazil)
_xISSN 0071-1276
_g(1983), v. 40(1) p. 553-573
_wBR8600800
909 _a202311
_bLúcia
_c55
_dLúcia Elande
942 _2AGRIS
_n0
_cANA
999 _c117844
_d117844